| 000 | 00671nam a2200193Ia 4500 | ||
|---|---|---|---|
| 008 | 0000002007 sp ad 0000000000spa00 | ||
| 090 | _aPSP00 H17a | ||
| 100 | 1 |
_aHaro, ángel _d1958 |
|
| 245 | 1 | 0 |
_aAndante _b: Angel Haro _c/ textos y fotografías Angel Haro ; traducción Terry O ́Connor |
| 300 |
_a53 p. _c/ 27 cm. |
||
| 500 | _aDonación de Carlos Jiménez, 2012 | ||
| 600 | 0 | 0 |
_a HARO, ANGEL, 1958/ _xTRABAJOS PICTORICOS |
| 650 | 1 | 4 | _a PINTURA ESPAÑOLA |
| 650 | 1 | 4 | _a` ARTE CONTEMPORANEO ESPAÑOL |
| 650 | 1 | 4 | _aARTISTAS PLASTICOS ESPAÑOLES |
| 650 | 1 | 4 | _xCATALOGOS |
| 650 | 1 | 4 | _xEXPOSICIONES |
| 999 |
_c14189 _d14189 |
||
| 260 |
_aMurcia : Galería La Aurora _c2007 |
||